Memorias de un comunista : maquinuscrito encontrado en un basurero de Perisur /

Bibliographic Details
Main Author: Avilés Fabila, René
Format: Book
Language:Spanish
Published: México, D.F. : Nueva Imagen, 2002.
Edition:1. ed. [in Nueva Imagen].
Series:Avilés Fabila, René. Works. 2001.
Colección Grandes autores (Mexico City, Mexico)
Subjects:

MARC

Tag First Indicator Second Indicator Subfields
LEADER 00000cam a2200000Ia 4500
001 in00001825421
005 20151026052829.0
008 030929s2002 mx 000 0 spa d
020 |a 9702403251 
035 |a (OCoLC)ocm53101976 
040 |a GZN  |c GZN  |d TXA  |d UtOrBLW 
049 |a TXAM 
090 |a HX113.5  |b .A93 2002 
100 1 |a Avilés Fabila, René. 
245 1 0 |a Memorias de un comunista :  |b maquinuscrito encontrado en un basurero de Perisur /  |c René Avilés Fabila. 
250 |a 1. ed. [in Nueva Imagen]. 
264 1 |a México, D.F. :  |b Nueva Imagen,  |c 2002. 
300 |a 166 pages ;  |c 21 cm. 
336 |a text  |b txt  |2 rdacontent 
337 |a unmediated  |b n  |2 rdamedia 
338 |a volume  |b nc  |2 rdacarrier 
490 1 |a Obras completas / René Avilés Fabila 
490 1 |a Coleccíon Grandes autores 
610 2 0 |a Partido Comunista Mexicano  |x History. 
650 0 |a Communism  |z Mexico. 
650 0 |a Communism. 
800 1 |a Avilés Fabila, René.  |t Works.  |f 2001. 
830 0 |a Colección Grandes autores (Mexico City, Mexico) 
948 |a cataloged  |b h  |c 2004/3/26  |d c  |e jgreene  |f 11:32:09 am 
994 |a E0  |b TXA 
999 |a MARS 
999 f f |s 39a9b8a8-e997-333c-ba5e-a82371a69641  |i 35c4a818-0afc-3034-bb25-f70c7ba63ac7  |t 0 
952 f f |p normal  |a Texas A&M University  |b College Station  |c Sterling C. Evans Library  |d Evans: Library Stacks  |t 0  |e HX113.5 .A93 2002  |h Library of Congress classification  |i unmediated -- volume  |m A14831094209 
998 f f |a HX113.5 .A93 2002  |t 0  |l Evans: Library Stacks